Rediseño del proceso de planificación y gestión de inventario, compras y ventas de Audio Accesorios de Costa Rica
Saved in:
| Main Author: | |
|---|---|
| Other Authors: | , |
| Format: | Book |
| Language: | Spanish |
| Published: |
[San José , Costa Rica]
2018
|
| Subjects: | |
| Tags: |
Add Tag
No Tags, Be the first to tag this record!
|
MARC
| LEADER | 00000nam a22000007a 4500 | ||
|---|---|---|---|
| 003 | 012905 | ||
| 005 | 20221231144349.0 | ||
| 008 | 180912b2018 cr a||| |m|| 00| ||spa d | ||
| 040 | |c cru CEDI | ||
| 090 | |a TFG 8056 | ||
| 100 | |9 13862 |a Acuña Montero, Paulina | ||
| 245 | |a Rediseño del proceso de planificación y gestión de inventario, compras y ventas de Audio Accesorios de Costa Rica | ||
| 260 | |a [San José , Costa Rica] |c 2018 | ||
| 300 | |a xv, 233, [14] hojas :ilustraciones a color | ||
| 500 | |a Proyecto de graduación (licenciatura en ingeniería industrial)--Universidad de Costa Rica. Facultad de Ingeniería. Escuela de Ingeniería Industrial | ||
| 650 | |x PLANIFICACION EMPRESARIAL |x CONTROL DE INVENTARIOS |x LOGISTICA EN LOS NEGOCIOS |x ABASTECIMIENTO |x GESTION EMPRESARIAL |9 13865 | ||
| 700 | |9 13863 |a Angulo Chaves, Aron Josué | ||
| 700 | |9 13864 |a Cerdas Bulgarelli, Luis Javier | ||
| 942 | |c TFG | ||
| 999 | |c 20765 |d 20765 | ||
